[Event "Topusko op 5th"]
[Site "Topusko"]
[Date "2016.08.10"]
[Round "6"]
[White "Siraj, Svit"]
[Black "Kolsek, Jan"]
[Result "0-1"]
[WhiteElo "1029"]
[BlackElo "1631"]
[PlyCount "96"]
[EventDate "2016.08.06"]
[EventType "swiss"]
[EventRounds "9"]
[EventCountry "CRO"]
[SourceTitle "CBM 173 Extra"]
[Source "ChessBase"]
[SourceDate "2016.08.29"]
[SourceVersion "1"]
[SourceVersionDate "2016.08.29"]
[SourceQuality "1"]

1. d4 Nf6 2. Nf3 g6 3. g3 Bg7 4. Bg2 0-0 5. 0-0 d5 6. Nc3 Bf5 7. Bf4 c6 8. e3 Nbd7 9. Qd2 Nb6 10. b3 Re8 11. h3 Ne4 12. Nxe4 Bxe4 13. Ne1 Bxg2 14. Kxg2 c5 15. Rd1 cxd4 16. exd4 Nd7 17. c3 Rc8 18. Rc1 Nf6 19. f3 Nh5 20. Rf2 Rc6 21. Be3 Qc7 22. Bf4 Nxf4+ 23. Qxf4 Qxf4 24. gxf4 Rec8 25. Rfc2 e6 26. a3 Bf8 27. b4 a5 28. Nd3 b6 29. Kg3 Kg7 30. Ne5 R6c7 31. Nd3 Be7 32. Kg4 h6 33. Kg3 g5 34. Kg4 gxf4 35. Kxf4 Bg5+ 36. Kg4 Bxc1 37. Rxc1 Rxc3 38. Rd1 Rxa3 39. bxa5 bxa5 40. Ne5 a4 41. Kf4 Rb3 42. Nd7 a3 43. Rg1+ Kh8 44. Nf6 a2 45. Ra1 Ra8 46. Rg1 a1Q 47. Rxa1 Rxa1 48. Ke5 Rxf3 0-1

[Event "Topusko op 4th"]
[Site "Topusko"]
[Date "2015.08.07"]
[Round "8"]
[White "Dasic, Lana"]
[Black "Kolsek, Jan"]
[Result "0-1"]
[WhiteElo "1614"]
[BlackElo "1624"]
[PlyCount "50"]
[EventDate "2015.08.01"]
[EventType "swiss"]
[EventRounds "9"]
[EventCountry "CRO"]
[SourceTitle "CBM 167 Extra"]
[Source "ChessBase"]
[SourceDate "2015.09.14"]
[SourceVersion "1"]
[SourceVersionDate "2015.09.14"]
[SourceQuality "1"]

1. e4 d5 2. exd5 Qxd5 3. Nc3 Qa5 4. g3 c6 5. Bg2 Nf6 6. Nf3 Bg4 7. d3 e6 8. Bd2 Qc7 9. Ne4 Nxe4 10. dxe4 Bd6 11. Bc3 e5 12. Qd2 f6 13. h3 Bh5 14. Nh4 Na6 15. g4 Bf7 16. a3 0-0-0 17. Qe2 Nc5 18. 0-0-0 g6 19. Bb4 Qe7 20. Nf3 a5 21. Bxc5 Bxc5 22. a4 Ba3 23. Qe3 Bxb2+ 24. Kxb2 Qb4+ 25. Kc1 Ba2 0-1

[Event "Topusko op 4th"]
[Site "Topusko"]
[Date "2015.08.04"]
[Round "5"]
[White "Kolsek, Jan"]
[Black "Muha, Miljenko"]
[Result "0-1"]
[WhiteElo "1624"]
[BlackElo "2162"]
[PlyCount "46"]
[EventDate "2015.08.01"]
[EventType "swiss"]
[EventRounds "9"]
[EventCountry "CRO"]
[SourceTitle "CBM 167 Extra"]
[Source "ChessBase"]
[SourceDate "2015.09.14"]
[SourceVersion "1"]
[SourceVersionDate "2015.09.14"]
[SourceQuality "1"]

1. e4 e6 2. d4 d5 3. e5 c5 4. c3 Nc6 5. f4 Bd7 6. Nf3 Nge7 7. dxc5 Nf5 8. Nd4 Qh4+ 9. Ke2 Bxc5 10. Nxf5 Qf2+ 11. Kd3 exf5 12. Qd2 Qh4 13. g3 Qe7 14. Bg2 0-0 15. Na3 d4 16. cxd4 Nxd4 17. Bxb7 Rad8 18. Qg2 Ba4 19. Bd5 Bxa3 20. bxa3 Qc5 21. Be3 Rxd5 22. Rac1 Nc2+ 23. Ke2 Qxe3+ 0-1

[Event "SLO-ch U16"]
[Site "Bled"]
[Date "2015.02.22"]
[Round "3"]
[White "Kolsek, Jan"]
[Black "Suta, Tomaz"]
[Result "0-1"]
[WhiteElo "1651"]
[BlackElo "1656"]
[PlyCount "52"]
[EventDate "2015.02.21"]
[EventType "swiss"]
[EventRounds "9"]
[EventCountry "SLO"]
[SourceTitle "EXT 2023"]
[Source "ChessBase"]
[SourceDate "2022.10.05"]
[SourceVersion "1"]
[SourceVersionDate "2022.10.05"]
[SourceQuality "1"]

1. e4 e5 2. d4 exd4 3. c3 d5 4. Qxd4 dxe4 5. Qxe4+ Qe7 6. Qxe7+ Bxe7 7. Bc4 Nf6 8. Nf3 0-0 9. 0-0 Nc6 10. Bf4 Bd8 11. Nbd2 Bf5 12. Nb3 Bg6 13. Rad1 Nh5 14. Bg5 Bxg5 15. Nxg5 Ne5 16. Be2 Nf4 17. Bf3 h6 18. Ne4 Nh3+ 19. Kh1 Nxf3 20. gxf3 Bh5 21. Kg2 Nf4+ 22. Kg3 Ne2+ 23. Kg2 Rad8 24. Nbc5 b6 25. Nd3 Rxd3 26. Rxd3 Nf4+ 0-1

[Event "SLO-ch U16"]
[Site "Bled"]
[Date "2015.02.21"]
[Round "1"]
[White "Dobrovoljc, Vid"]
[Black "Kolsek, Jan"]
[Result "1-0"]
[WhiteElo "1807"]
[BlackElo "1651"]
[PlyCount "41"]
[EventDate "2015.02.21"]
[EventType "swiss"]
[EventRounds "9"]
[EventCountry "SLO"]
[SourceTitle "EXT 2023"]
[Source "ChessBase"]
[SourceDate "2022.10.05"]
[SourceVersion "1"]
[SourceVersionDate "2022.10.05"]
[SourceQuality "1"]

1. e4 c5 2. Nc3 d6 3. f4 g6 4. Nf3 Bg7 5. Bb5+ Bd7 6. Bc4 Nf6 7. 0-0 0-0 8. Qe1 Nc6 9. d3 a6 10. a3 b5 11. Ba2 e6 12. f5 exf5 13. Qh4 Ng4 14. Bg5 Qa5 15. h3 Nge5 16. Nxe5 Bxe5 17. Nd5 Bd4+ 18. Kh1 h5 19. Bf6 Be6 20. exf5 Bd7 21. Bxd4 1-0

[Event "SLO-chT U20"]
[Site "Verzej"]
[Date "2013.08.30"]
[Round "6"]
[White "Cretnik, Urban"]
[Black "Kolsek, Jan"]
[Result "1-0"]
[WhiteElo "1924"]
[BlackElo "1641"]
[PlyCount "63"]
[EventDate "2013.08.27"]
[EventType "team-tourn"]
[EventRounds "7"]
[EventCountry "SLO"]
[SourceTitle "EXT 2015"]
[Source "ChessBase"]
[SourceDate "2014.11.20"]
[SourceVersion "1"]
[SourceVersionDate "2014.11.20"]
[SourceQuality "1"]

1. e4 Nf6 2. e5 Nd5 3. d4 d6 4. c4 Nb6 5. exd6 exd6 6. h3 Be7 7. Nf3 Bf5 8. Bd3 Qd7 9. Nc3 Nc6 10. 0-0 0-0 11. a3 a5 12. b3 Bf6 13. Be3 Rfe8 14. Qc2 Bxd3 15. Qxd3 Ne7 16. Ne4 Qf5 17. Nxf6+ Qxf6 18. Bd2 Ng6 19. Bg5 Qe6 20. Rfe1 Qd7 21. Bd2 Nc8 22. Rxe8+ Qxe8 23. Re1 Qd7 24. Qe4 Nb6 25. Qxb7 Qd8 26. Qc6 h6 27. Bxa5 Kh7 28. Bxb6 cxb6 29. a4 Rc8 30. Qe4 Rc7 31. d5 Qf8 32. Qe3 1-0

[Event "SLO-chT U20"]
[Site "Verzej"]
[Date "2013.08.29"]
[Round "5"]
[White "Kolsek, Jan"]
[Black "Zirkelbach, Maj"]
[Result "0-1"]
[WhiteElo "1641"]
[BlackElo "1836"]
[PlyCount "48"]
[EventDate "2013.08.27"]
[EventType "team-tourn"]
[EventRounds "7"]
[EventCountry "SLO"]
[SourceTitle "EXT 2015"]
[Source "ChessBase"]
[SourceDate "2014.11.20"]
[SourceVersion "1"]
[SourceVersionDate "2014.11.20"]
[SourceQuality "1"]

1. e4 c5 2. Nf3 Nc6 3. d4 cxd4 4. Nxd4 g6 5. Nc3 Bg7 6. Be3 Nf6 7. Bc4 d6 8. 0-0 0-0 9. Re1 Ng4 10. Nxc6 bxc6 11. Bg5 Qb6 12. Qd2 Qxb2 13. Ne2 Qe5 14. h3 Qh2+ 15. Kf1 Qh1+ 16. Ng1 Nh2+ 17. Ke2 Qxg2 18. Rac1 Qxe4+ 19. Kd1 Qxc4 20. Bxe7 Re8 21. Bg5 Bf5 22. Rxe8+ Rxe8 23. Bf4 Qf1+ 24. Qe1 Qxe1# 0-1

[Event "SLO-ch U14"]
[Site "Murska Sobota"]
[Date "2013.02.28"]
[Round "8"]
[White "Dobrovoljc, Vid"]
[Black "Kolsek, Jan"]
[Result "1-0"]
[WhiteElo "1824"]
[BlackElo "1631"]
[PlyCount "67"]
[EventDate "2013.02.23"]
[EventType "swiss"]
[EventRounds "9"]
[EventCountry "SLO"]
[SourceTitle "EXT 2022"]
[Source "ChessBase"]
[SourceDate "2021.10.06"]
[SourceVersion "1"]
[SourceVersionDate "2021.10.06"]
[SourceQuality "1"]

1. e4 Nf6 2. e5 Nd5 3. c4 Nb6 4. d4 d6 5. exd6 cxd6 6. Nc3 Nc6 7. h3 Bf5 8. Nf3 g6 9. Be2 Bg7 10. d5 Nb4 11. 0-0 Nc2 12. Nh4 Nxa1 13. Nxf5 gxf5 14. Be3 Nd7 15. Qd3 Ne5 16. Qxf5 Qc8 17. Qe4 f5 18. Qb1 Rf8 19. Bh5+ Kd8 20. Qxa1 Qxc4 21. Be2 Qh4 22. f4 Qh6 23. Nb5 b6 24. Nxa7 Nd7 25. Nc6+ Ke8 26. Qb1 Qf6 27. Bh5+ Rf7 28. Bd4 Qh6 29. Bxf7+ Kxf7 30. Qxf5+ Bf6 31. Qxd7 Rg8 32. Qe6+ Kf8 33. Bxf6 exf6 34. Qe7# 1-0

[Event "Nova Gorica op-A 18th"]
[Site "Nova Gorica"]
[Date "2013.01.25"]
[Round "1"]
[White "Pirs, Matjaz1111"]
[Black "Kolsek, Jan"]
[Result "1-0"]
[WhiteElo "2053"]
[BlackElo "1631"]
[PlyCount "61"]
[EventDate "2013.01.25"]
[EventType "swiss"]
[EventRounds "9"]
[EventCountry "SLO"]
[SourceTitle "CBM 152 Extra"]
[Source "ChessBase"]
[SourceDate "2013.02.25"]
[SourceVersion "1"]
[SourceVersionDate "2013.02.25"]
[SourceQuality "1"]

1. e4 d5 2. exd5 Qxd5 3. Nc3 Qa5 4. d4 c6 5. Bc4 Nf6 6. Nf3 Bg4 7. 0-0 e6 8. h3 Bh5 9. Bd3 Bd6 10. Ne4 Nxe4 11. Bxe4 Nd7 12. c4 Nf6 13. Bd3 Bb8 14. Qe2 Qc7 15. g3 h6 16. Bf4 Qd8 17. Be5 g5 18. g4 Bg6 19. Bxg6 fxg6 20. Bxb8 Rxb8 21. Qxe6+ Qe7 22. Qxe7+ Kxe7 23. Ne5 Rhg8 24. Rae1 Kf8 25. f4 gxf4 26. Rxf4 Kg7 27. Ref1 Rgf8 28. Rxf6 Rxf6 29. Rxf6 Kxf6 30. Nd7+ Kg5 31. Nxb8 1-0

[Event "Wch U12"]
[Site "Maribor"]
[Date "2012.11.11"]
[Round "4.33"]
[White "Vogel, Roven"]
[Black "Kolsek, Jan"]
[Result "1-0"]
[WhiteElo "1984"]
[BlackElo "1706"]
[PlyCount "55"]
[EventDate "2012.11.08"]
[EventType "swiss"]
[EventRounds "11"]
[EventCountry "SLO"]
[SourceTitle "EXT 2013"]
[Source "ChessBase"]
[SourceDate "2012.11.22"]
[SourceVersion "1"]
[SourceVersionDate "2012.11.22"]
[SourceQuality "1"]

1. d4 Nf6 2. c4 c5 3. Nf3 g6 4. Nc3 b6 5. e4 d6 6. dxc5 bxc5 7. e5 Nfd7 8. exd6 exd6 9. Bd3 Bg7 10. Be4 Qe7 11. 0-0 0-0 12. Bxa8 Ne5 13. Nxe5 Bxe5 14. Bd5 Re8 15. Bd2 Nd7 16. f4 Bd4+ 17. Kh1 Qh4 18. Re1 Rd8 19. Ne4 Kg7 20. Bc3 Bxc3 21. bxc3 f5 22. Ng5 Nf6 23. Re7+ Kf8 24. Rf7+ Ke8 25. Qe1+ Qxe1+ 26. Rxe1+ Ne4 27. Nxe4 Rd7 28. Nf6+ 1-0